[Event "Toronto op U1600"]
[Site "Toronto"]
[Date "2014.04.19"]
[Round "4"]
[White "Velazquez, Alex"]
[Black "Gilani, Mysha"]
[Result "1-0"]
[WhiteElo "1250"]
[BlackElo "1108"]
[PlyCount "159"]
[EventDate "2014.04.18"]
[EventType "swiss"]
[EventRounds "6"]
[EventCountry "CAN"]
[SourceTitle "EXT 2022"]
[Source "ChessBase"]
[SourceDate "2021.10.06"]
[SourceVersion "1"]
[SourceVersionDate "2021.10.06"]
[SourceQuality "1"]

1. e4 e5 2. Nf3 Nc6 3. Bb5 a6 4. Ba4 Nf6 5. d3 b5 6. Bb3 d5 7. Nc3 dxe4 8. dxe4 Bg4 9. Qxd8+ Rxd8 10. Bg5 Be7 11. Bxf6 Bxf6 12. Nd5 Rc8 13. Nxf6+ gxf6 14. 0-0-0 Nd4 15. Rd3 Nxb3+ 16. axb3 Ra8 17. Rhd1 c5 18. h3 Bh5 19. Rd6 Bxf3 20. gxf3 Ke7 21. R6d5 c4 22. bxc4 bxc4 23. Rd7+ Kf8 24. Rc7 Rg8 25. Rxc4 Rg2 26. Rf1 Rh2 27. Kd2 Rxh3 28. Ke2 Rb8 29. b3 Rd8 30. Ra1 Ra8 31. b4 Ke7 32. Rc6 Rb8 33. Rb1 a5 34. b5 a4 35. Ra6 Rc8 36. Rb2 Rc3 37. Rxa4 Rcxf3 38. Ra1 Rf4 39. Rb4 Rc3 40. Rc1 Kd6 41. b6 Rc8 42. b7 Rb8 43. f3 Kc7 44. c4 Rxb7 45. Rxb7+ Kxb7 46. Rh1 f5 47. exf5 Rxc4 48. Rxh7 Rc7 49. Ke3 f6 50. Rh6 Rc6 51. Ke4 Rc4+ 52. Kd5 Rc6 53. Rh7+ Kb6 54. Rd7 Rc5+ 55. Ke6 Rc3 56. Kxf6 Rxf3 57. Kxe5 Kc6 58. Rd1 Kc5 59. Ke6 Re3+ 60. Kf7 Rf3 61. f6 Kc6 62. Ke7 Re3+ 63. Kf8 Re6 64. f7 Rf6 65. Ke7 Rf2 66. f8Q Rxf8 67. Kxf8 Kc5 68. Ke7 Kc4 69. Kd6 Kc3 70. Kc5 Kc2 71. Rd8 Kc3 72. Rd4 Kc2 73. Kc4 Kb2 74. Rd3 Kc2 75. Kd4 Kb2 76. Rc3 Ka2 77. Kd3 Kb2 78. Kd2 Ka2 79. Kc2 Ka1 80. Ra3# 1-0